| 000 | 00550 a2200157 4500 | ||
|---|---|---|---|
| 020 | _a 0471136476 | ||
| 040 | _aDLC | ||
| 082 | _a510 | ||
| 100 | _a Wheeler, Ruric | ||
| 245 |
_aStudent solutions manual to accompany college mathematics: a graphing calculator approach _ca graphing calculator approach _hRuric, Wheeler. |
||
| 260 |
_aNew York, USA : _b John wiley & sons, _c1996. |
||
| 300 |
_aVaroius pages : _bill. _c 24 cm. |
||
| 500 | _aIncludes Index | ||
| 650 | _a1.Mathematics---data processing 2.Graphic calculators | ||
| 942 |
_cBK _k510 WHE _2ddc |
||
| 999 |
_c7487 _d7487 |
||